Reforma Trabalhista em Perspectiva Desafios e Possibilidades 2® Ediȯ̂ 2019 /

Detalles Bibliográficos
Autor principal: Cardoso Montal, Zľia Maria
Otros Autores: de Vaz Carvalho, Luciana Paula
Formato: eBook
Lenguaje:portugués
Publicado: San Pablo: LTR, 2019
Edición:2da. Edicin̤
Materias:
Acceso en línea:Acceso restringido

MARC

LEADER 00000nam a22000007a 4500
005 20190920224617.0
007 cr|||| ||||
008 190920s2019 br |||||s|||| 00||0 por d
020 |a 978-85-361-9929-0 
035 |a 30315 
040 |a vLex 
090 |c 9629  |d 9629 
100 1 |a Cardoso Montal, Zľia Maria 
245 1 0 |a Reforma Trabalhista em Perspectiva Desafios e Possibilidades  |h [Recurso electrn̤ico] :  |b 2® Ediȯ̂ 2019 /  |c Zľia Maria Cardoso Montal, Luciana Paula de Vaz Carvalho 
250 |a 2da. Edicin̤ 
256 |a Servicio en ln̕ea 
260 |a San Pablo:  |b LTR,  |c 2019 
300 |a 1 recurso electrn̤ico 
500 |a O Curso de Especializaȯ̂ em Direito do Trabalho da COGEAE – PUC/SP, coordenado pelos Professores Doutores Paulo Sřgio Joô e Pedro Paulo Teixeira Manus, e que tem oferecido nas l︢timas dčadas um Curso de reconhecida qualidade no ḿbito do Direito Individual, Coletivo e Processual do Trabalho, nô poderia deixar de, neste momento de significativas e profundas modificaė̳s no ḿbito da legislaȯ̂ trabalhista, apresentar uma contribuiȯ̂ para fomentar os acalorados debates em torno das alteraė̳s implementadas pela Lei n. 13.467/17, a denominada Reforma Trabalhista. A presente obra nô tem a pretensô de oferecer respostas prontas e acabadas, mas objetiva suscitar e enriquecer os inevitv̀eis e imprescindv̕eis debates nesta p̌oca de tantas incertezas e questionamentos em que se descortinam tantos desafios e possibilidades. 
506 1 |a Disponible solo en los productos indicados  |d vLex Global  |d vLex Global (Academic Edition, excluding Law Schools)  |d vLex Global (U.S. Academic Edition, Law Schools)  |d vLex Global (U.S. Academic Edition, excluding Law Schools)  |d vLex Global (Academic Edition, Law Schools) 
650 0 4 |a Derecho Laboral y Seguridad Social  |z Brasil 
650 0 4 |a Procedimiento Laboral  |z Brasil 
700 1 |a de Vaz Carvalho, Luciana Paula 
740 0 |a vLex Libros (Servicio en ln̕ea) 
856 4 0 |u http://vlex.com/source/reforma-trabalhista-em-perspectiva-desafios-e-possibilidades-2-edi-o-2019-30315  |z Acceso restringido 
942 |c BOOK 
999 0 |a Labor Law and Social Security 
999 0 |a Labor Procedure